Catilinarias /
Guardado en:
| Autor Principal: | |
|---|---|
| Formato: | Libro |
| Publicado: |
Madrid :
Instituto De Estudios Politicos,
1961
|
| Materias: | |
| Etiquetas: |
Agregar Etiqueta
Sin Etiquetas, Sea el primero en etiquetar este registro!
|
| LEADER | 00595nam a22001815a 4500 | ||
|---|---|---|---|
| 001 | EHU.bham024365 | ||
| 003 | AR-BHAM | ||
| 005 | 20130507143205.0 | ||
| 008 | 130507s1961##################000#0#####d | ||
| 082 | 8 | 7 | |a 875 |
| 100 | 1 | |a Ciceron, Marco Tulio | |
| 245 | 1 | 0 | |a Catilinarias / |c Marco Tulio Ciceron |
| 260 | |a Madrid : |b Instituto De Estudios Politicos, |c 1961 | ||
| 300 | |a 162 p. | ||
| 500 | |a Trad.: Maria C. Gutierrez De Albeniztexto latino y traduccion.- | ||
| 653 | |a Literatura latina | ||
| 653 | |a Literatura latina-hasta 500 dc | ||
| 859 | |a AR-BHAM |b BIB. HUMANIDADES - General |h 875 |i C485-45 |p 91142.63 |t Ej.1 | ||
